[Event "EU-ch 19th"]
[Site "Batumi"]
[Date "2018.03.25"]
[Round "8"]
[White "Barseghyan, Armen Ar"]
[Black "Ziroyan, David"]
[Result "1/2-1/2"]
[WhiteElo "2298"]
[BlackElo "2080"]
[PlyCount "48"]
[EventDate "2018.03.17"]
[EventType "swiss"]
[EventRounds "11"]
[EventCountry "GEO"]
[SourceTitle "CBM 184"]
[Source "ChessBase"]
[SourceDate "2018.05.16"]
[SourceVersion "1"]
[SourceVersionDate "2018.05.16"]
[SourceQuality "1"]

1. d4 Nf6 2. c4 e6 3. g3 d5 4. Nf3 Be7 5. Bg2 0-0 6. 0-0 dxc4 7. Qc2 a6 8. a4 Nbd7 9. Qxc4 c5 10. Bg5 cxd4 11. Qxd4 h6 12. Bc1 Nc5 13. Nbd2 Qxd4 14. Nxd4 Rd8 15. N4b3 Nxb3 16. Nxb3 Bd7 17. Na5 Nd5 18. Bxd5 exd5 19. Rd1 b6 20. Nb3 Bf6 21. Be3 Bxb2 22. Rab1 d4 23. Bxd4 Bxd4 24. Rxd4 Be8 1/2-1/2

[Event "EU-ch 19th"]
[Site "Batumi"]
[Date "2018.03.20"]
[Round "4"]
[White "Ziroyan, David"]
[Black "Hakobyan, Hovhannes H"]
[Result "1/2-1/2"]
[WhiteElo "2080"]
[BlackElo "2280"]
[PlyCount "81"]
[EventDate "2018.03.17"]
[EventType "swiss"]
[EventRounds "11"]
[EventCountry "GEO"]
[SourceTitle "CBM 184"]
[Source "ChessBase"]
[SourceDate "2018.05.16"]
[SourceVersion "1"]
[SourceVersionDate "2018.05.16"]
[SourceQuality "1"]

1. Nf3 Nf6 2. g3 g6 3. Bg2 Bg7 4. 0-0 0-0 5. d4 d5 6. c4 c6 7. Nc3 dxc4 8. a4 Nd5 9. e4 Nb4 10. Be3 Bg4 11. h3 Bxf3 12. Bxf3 Nd3 13. e5 f6 14. exf6 Bxf6 15. Be4 Bxd4 16. Bxd3 cxd3 17. Qb3+ Kh8 18. Qxb7 Bxe3 19. Qxa8 Qc7 20. fxe3 Qxg3+ 21. Kh1 Qxh3+ 22. Kg1 Qxe3+ 23. Kh1 Qh3+ 24. Kg1 Qg3+ 25. Kh1 Qh3+ 26. Kg1 Qe3+ 27. Kh1 Qh6+ 28. Kg1 Qg5+ 29. Kh1 Qh4+ 30. Kg2 Qg4+ 31. Kh2 Qh4+ 32. Kg2 Qg5+ 33. Kh1 Qh4+ 34. Kg2 Qg4+ 35. Kh2 Qh4+ 36. Kg2 Qg4+ 37. Kh2 Qh5+ 38. Kg2 Qg4+ 39. Kh2 Qh4+ 40. Kg2 Qg4+ 41. Kh2 1/2-1/2

[Event "EU-ch 19th"]
[Site "Batumi"]
[Date "2018.03.17"]
[Round "1"]
[White "Ziroyan, David"]
[Black "Steinberg, Nitzan"]
[Result "0-1"]
[WhiteElo "2080"]
[BlackElo "2518"]
[PlyCount "84"]
[EventDate "2018.03.17"]
[EventType "swiss"]
[EventRounds "11"]
[EventCountry "GEO"]
[SourceTitle "CBM 184"]
[Source "ChessBase"]
[SourceDate "2018.05.16"]
[SourceVersion "1"]
[SourceVersionDate "2018.05.16"]
[SourceQuality "1"]

1. e4 c5 2. Ne2 d6 3. g3 g6 4. Bg2 Bg7 5. c3 Nc6 6. d4 Bg4 7. f3 Bd7 8. dxc5 dxc5 9. Be3 b6 10. Qc2 Nf6 11. Na3 0-0 12. 0-0 Qc8 13. Rad1 Rd8 14. Nf4 Ne5 15. Nd3 Nxd3 16. Rxd3 Be6 17. Rxd8+ Qxd8 18. Rd1 Qc8 19. Bf1 Qc6 20. Bb5 Qc8 21. e5 Nd5 22. Bf2 Bxe5 23. Qe4 Bxc3 24. Rxd5 Bxb2 25. Nc4 Bxd5 26. Qxd5 Bf6 27. Kg2 Rb8 28. Ne5 Bxe5 29. Qxe5 Qd8 30. h4 Qd6 31. Qc3 Rd8 32. Bc4 Qf6 33. Qe3 e6 34. g4 Qb2 35. h5 Rd2 36. Kg3 Qd4 37. Qxd4 cxd4 38. hxg6 hxg6 39. f4 Kf8 40. Kf3 Ke8 41. Be1 Rd1 42. Bh4 Rd2 0-1

[Event "Yerevan op 2nd"]
[Site "Yerevan"]
[Date "2017.09.21"]
[Round "3"]
[White "Petrosyan, Manuel"]
[Black "Ziroyan, David"]
[Result "1/2-1/2"]
[WhiteElo "2559"]
[BlackElo "2055"]
[PlyCount "156"]
[EventDate "2017.09.19"]
[EventType "swiss"]
[EventRounds "9"]
[EventCountry "ARM"]
[SourceTitle "CBM 180 Extra"]
[Source "ChessBase"]
[SourceDate "2017.10.06"]
[SourceVersion "1"]
[SourceVersionDate "2017.10.06"]
[SourceQuality "1"]

1. d4 Nf6 2. Nf3 g6 3. c4 c5 4. Nc3 cxd4 5. Nxd4 Bg7 6. e4 d6 7. Be2 0-0 8. 0-0 Nc6 9. Be3 Nd7 10. Rb1 Nc5 11. b4 Ne6 12. Nxe6 fxe6 13. Qd2 e5 14. c5 Nd4 15. cxd6 exd6 16. Nb5 Nxe2+ 17. Qxe2 a6 18. Nc3 Be6 19. Rfd1 Rc8 20. Nd5 Qh4 21. f3 Kh8 22. b5 axb5 23. Rxb5 Rf7 24. Qd2 h6 25. Bf2 Qh5 26. Rb6 Rc6 27. Rdb1 g5 28. Rxb7 Rxb7 29. Rxb7 g4 30. Rb8+ Kh7 31. Rb3 Bxd5 32. exd5 Rc8 33. Qd3+ Kh8 34. Qe4 gxf3 35. Rxf3 Rc1+ 36. Be1 Qe8 37. h3 Qa8 38. Kh2 Qxa2 39. Bf2 Rc2 40. Kg3 Rd2 41. Qg6 Qxd5 42. Be3 Rd3 43. Rf7 Rxe3+ 44. Kh2 Qxf7 45. Qxf7 Re4 46. Qe6 Rd4 47. g4 e4 48. Kg3 Rd3+ 49. Kh4 d5 50. Qf5 Kg8 51. Qc8+ Kh7 52. Qf5+ Kh8 53. g5 hxg5+ 54. Qxg5 Rf3 55. Qh5+ Kg8 56. Qxd5+ Kh8 57. Qh5+ Kg8 58. Qe8+ Rf8 59. Qe6+ Kh8 60. Kg5 Rf6 61. Qe8+ Kh7 62. Qxe4+ Kh8 63. Qh4+ Rh6 64. Qc4 Rf6 65. Qc8+ Kh7 66. Qe8 Rh6 67. Qe4+ Kh8 68. Qc2 Rf6 69. Qb1 Kg8 70. Qa2+ Kh8 71. Qb3 Kh7 72. Qd5 Kh8 73. h4 Kh7 74. Qe4+ Kh8 75. Qa4 Kg8 76. Qa8+ Kh7 77. Qe8 Rh6 78. Qc8 Rf6 1/2-1/2

[Event "Yerevan op 2nd"]
[Site "Yerevan"]
[Date "2017.09.19"]
[Round "1"]
[White "Aleksandrov, Aleksej"]
[Black "Ziroyan, David"]
[Result "1-0"]
[WhiteElo "2580"]
[BlackElo "2055"]
[PlyCount "79"]
[EventDate "2017.09.19"]
[EventType "swiss"]
[EventRounds "9"]
[EventCountry "ARM"]
[SourceTitle "CBM 180 Extra"]
[Source "ChessBase"]
[SourceDate "2017.10.06"]
[SourceVersion "1"]
[SourceVersionDate "2017.10.06"]
[SourceQuality "1"]

1. d4 Nf6 2. c4 c5 3. d5 b5 4. cxb5 a6 5. bxa6 Bxa6 6. g3 d6 7. Bg2 g6 8. b3 Bg7 9. Bb2 0-0 10. Nh3 Qb6 11. 0-0 Nbd7 12. Bc3 Ra7 13. Nd2 Ne8 14. Qc2 Bxe2 15. Rfe1 Bg4 16. Rxe7 Bf5 17. Qb2 Ne5 18. Rxa7 Nd3 19. Nc4 Qxa7 20. Qd2 Bxc3 21. Qxc3 Nb4 22. Ne3 Bxh3 23. Bxh3 f5 24. a3 Na6 25. b4 Nf6 26. b5 Nc7 27. a4 Ne4 28. Qb2 f4 29. b6 Qb7 30. gxf4 Rxf4 31. a5 Ng5 32. Bg2 Na6 33. Qb5 Qg7 34. Rf1 Rh4 35. Qxa6 Qe5 36. Qc8+ Kg7 37. Qd7+ Kg8 38. Ng4 Rxg4 39. Qxg4 Qe7 40. b7 1-0

[Event "Poti op 12th"]
[Site "Poti"]
[Date "2017.07.18"]
[Round "5"]
[White "Bayramov, Zaur"]
[Black "Ziroyan, David"]
[Result "1/2-1/2"]
[WhiteElo "2249"]
[BlackElo "1979"]
[PlyCount "60"]
[EventDate "2017.07.14"]
[EventType "swiss"]
[EventRounds "9"]
[EventCountry "GEO"]
[SourceTitle "CBM 179 Extra"]
[Source "ChessBase"]
[SourceDate "2017.08.23"]
[SourceVersion "1"]
[SourceVersionDate "2017.08.23"]
[SourceQuality "1"]

1. d4 Nf6 2. c4 c5 3. Nf3 cxd4 4. Nxd4 g6 5. Nc3 Bg7 6. e4 d6 7. Be2 Nc6 8. Be3 0-0 9. 0-0 Nd7 10. Rc1 Nc5 11. Nxc6 bxc6 12. b4 Ne6 13. a3 c5 14. Bd3 Rb8 15. b5 Bb7 16. a4 Nd4 17. Ne2 f5 18. exf5 gxf5 19. f4 Kh8 20. Nxd4 cxd4 21. Bd2 e5 22. fxe5 dxe5 23. c5 Be4 24. Bxe4 fxe4 25. c6 Rc8 26. Rxf8+ Qxf8 27. a5 e3 28. Be1 Qf5 29. b6 Rf8 30. Bg3 d3 1/2-1/2

[Event "Poti op 12th"]
[Site "Poti"]
[Date "2017.07.17"]
[Round "4"]
[White "Ziroyan, David"]
[Black "Yeritsyan, Hayk"]
[Result "1-0"]
[WhiteElo "1979"]
[BlackElo "2086"]
[PlyCount "99"]
[EventDate "2017.07.14"]
[EventType "swiss"]
[EventRounds "9"]
[EventCountry "GEO"]
[SourceTitle "CBM 179 Extra"]
[Source "ChessBase"]
[SourceDate "2017.08.23"]
[SourceVersion "1"]
[SourceVersionDate "2017.08.23"]
[SourceQuality "1"]

1. Nf3 Nf6 2. g3 g6 3. Bg2 Bg7 4. 0-0 0-0 5. d4 d6 6. Nbd2 c5 7. dxc5 dxc5 8. c3 Nc6 9. Nb3 Nd7 10. Be3 c4 11. Nbd4 Nxd4 12. Bxd4 e5 13. Be3 Qc7 14. Nd2 Nf6 15. Qa4 Be6 16. Rfd1 Ng4 17. Nf1 a6 18. Qb4 a5 19. Qb6 Qxb6 20. Bxb6 Nf6 21. Rd6 Rfe8 22. Rad1 e4 23. Rd8 a4 24. Ne3 Rexd8 25. Rxd8+ Rxd8 26. Bxd8 Ng4 27. Nxg4 Bxg4 28. a3 b5 29. Bxe4 Bxe2 30. Be7 Bd1 31. Bc6 Bb3 32. Bxb5 f5 33. f4 Kf7 34. Bc5 Ke6 35. Bc6 h6 36. Kf2 g5 37. Ke3 Bf6 38. Bd4 Be7 39. Bb7 Kd7 40. Bg7 Bc5+ 41. Kd2 Bg1 42. Bxh6 gxf4 43. Bxf4 Bxh2 44. Ke2 Bg1 45. Be3 Kc7 46. Bh1 Bd1+ 47. Kd2 Bxe3+ 48. Kxe3 Kd6 49. Kd4 Be2 50. Bd5 1-0

[Event "Poti op 12th"]
[Site "Poti"]
[Date "2017.07.15"]
[Round "2"]
[White "Gaboyan, Susanna"]
[Black "Ziroyan, David"]
[Result "1/2-1/2"]
[WhiteElo "2190"]
[BlackElo "1979"]
[PlyCount "125"]
[EventDate "2017.07.14"]
[EventType "swiss"]
[EventRounds "9"]
[EventCountry "GEO"]
[SourceTitle "CBM 179 Extra"]
[Source "ChessBase"]
[SourceDate "2017.08.23"]
[SourceVersion "1"]
[SourceVersionDate "2017.08.23"]
[SourceQuality "1"]

1. d4 Nf6 2. Nf3 g6 3. Bf4 Bg7 4. e3 d6 5. h3 0-0 6. Be2 Nbd7 7. 0-0 b6 8. Nbd2 Bb7 9. c3 c5 10. a4 Re8 11. Bh2 a6 12. Bc4 Bc6 13. Qe2 Qc8 14. e4 d5 15. exd5 Nxd5 16. Ne4 N7f6 17. Ne5 Nxe4 18. Qxe4 Bxe5 19. Qxe5 Qb7 20. dxc5 bxc5 21. f3 Nb6 22. Ba2 Bd5 23. Bxd5 Qxd5 24. Qxd5 Nxd5 25. Rfd1 Red8 26. Rd3 c4 27. Rd4 Rac8 28. Re1 e6 29. Ree4 Nb6 30. Rxd8+ Rxd8 31. a5 Rd1+ 32. Kf2 Nd5 33. Re1 Rd3 34. Ke2 Kf8 35. Ra1 Ke7 36. g3 Kd6 37. Bg1 Kc6 38. Bf2 f5 39. Bd4 e5 40. Bf2 e4 41. fxe4 fxe4 42. Rf1 Kb5 43. Ra1 Ne7 44. Ra3 Nf5 45. g4 Ne7 46. b3 Rxh3 47. bxc4+ Kxc4 48. Ra4+ Kd5 49. Rd4+ Ke5 50. c4 Rb3 51. Rd7 Nc6 52. Bb6 Kf4 53. Rf7+ Kxg4 54. Rxh7 Ne5 55. Rc7 Ra3 56. Rc8 Ra4 57. c5 Nc4 58. c6 Ra2+ 59. Ke1 Ra1+ 60. Ke2 Ra2+ 61. Ke1 Ra1+ 62. Ke2 Ra2+ 63. Ke1 1/2-1/2

[Event "Poti op 12th"]
[Site "Poti"]
[Date "2017.07.14"]
[Round "1"]
[White "Ziroyan, David"]
[Black "Muradli, Mahammad"]
[Result "0-1"]
[WhiteElo "1979"]
[BlackElo "2334"]
[PlyCount "78"]
[EventDate "2017.07.14"]
[EventType "swiss"]
[EventRounds "9"]
[EventCountry "GEO"]
[SourceTitle "CBM 179 Extra"]
[Source "ChessBase"]
[SourceDate "2017.08.23"]
[SourceVersion "1"]
[SourceVersionDate "2017.08.23"]
[SourceQuality "1"]

1. Nf3 Nf6 2. g3 g6 3. Bg2 Bg7 4. 0-0 0-0 5. d4 c5 6. d5 d6 7. Nc3 Na6 8. e4 Nc7 9. a4 Rb8 10. Re1 Bg4 11. h3 Bxf3 12. Qxf3 Nd7 13. Bd2 b6 14. Rab1 a6 15. Qe2 b5 16. axb5 axb5 17. b4 c4 18. Qe3 e6 19. dxe6 Nxe6 20. Ne2 Nb6 21. Bc3 Na4 22. Bxg7 Kxg7 23. Rbd1 Qb6 24. Nd4 Nxd4 25. Rxd4 Rfe8 26. Red1 Re6 27. h4 Rbe8 28. Kh2 d5 29. h5 dxe4 30. h6+ Kf8 31. Bh3 Re5 32. Qf4 g5 33. Qg4 Qxh6 34. Rd6 R8e6 35. Rxe6 Qxe6 36. Rd8+ Kg7 37. Qd1 Qf6 38. Kg1 e3 39. f4 e2 0-1

[Event "Yerevan op 1st"]
[Site "Yerevan"]
[Date "2016.10.04"]
[Round "3"]
[White "Manukyan, Sargis V"]
[Black "Ziroyan, David"]
[Result "1-0"]
[WhiteElo "2292"]
[BlackElo "1960"]
[PlyCount "49"]
[EventDate "2016.10.02"]
[EventType "swiss"]
[EventRounds "9"]
[EventCountry "ARM"]
[SourceTitle "EXT 2017"]
[Source "ChessBase"]
[SourceDate "2016.10.25"]
[SourceVersion "1"]
[SourceVersionDate "2016.10.25"]
[SourceQuality "1"]

1. d4 Nf6 2. Nf3 g6 3. Bf4 c5 4. e3 Bg7 5. Be2 Nc6 6. c3 cxd4 7. exd4 d6 8. 0-0 0-0 9. Na3 a6 10. Nc2 Nh5 11. Bg5 h6 12. Bh4 Nf4 13. d5 Nb8 14. Re1 Bg4 15. Bf1 g5 16. Bg3 Ng6 17. Bd3 f5 18. Ne3 Nd7 19. Nxg4 fxg4 20. Nxg5 hxg5 21. Bxg6 Ne5 22. Bxe5 Bxe5 23. Qxg4 Qb6 24. Re2 Bg7 25. Qe6+ 1-0